Statistiques concernant Pays en 6 lettres

Cliquez ici pour prendre le quiz!

Statistiques générales

  • Ce quiz a été pris 212 fois
  • Le résultat moyen est 20 sur 27

Statistiques - réponses

Pays% Correct
France
98%
Brésil
88%
Canada
86%
Russie
86%
Suisse
86%
Italie
85%
Monaco
80%
Zambie
79%
Chypre
77%
Panama
77%
Égypte
75%
Guinée
75%
Israël
75%
Angola
74%
Belize
74%
Gambie
74%
Serbie
73%
Soudan
71%
Kosovo
70%
Koweït
70%
Rwanda
70%
Guyana
69%
Tuvalu
68%
Palaos
65%
Brunei
63%
Malawi
61%
Taïwan
58%

Distribution des résultats

Percentile par nombre de réponses

% des personnes avec chaque résultat

Votre développement - résultats

Vous n’avez pas pris ce quiz